Holiday Quiz

Random Holiday or Grab Bag Quiz

Click-a-Father Quiz Stats

 Plays Quiz Updated Jun 16, 2019

Support Sporcle.
Go Orange.
Score 0/15 Timer 03:00
0 Plays Today
% Correct
Father Christmas
93.5%
Father's Day
93.1%
The Founding Fathers
92.5%
Father Time
88.3%
The Godfather
87.2%
Father of the Bride
86.5%
The Father of Mathematics
85.8%
Dreams from My Father
85.3%
% Correct
Father Knows Best
84.1%
The Father of the Atomic Bomb
81.7%
The Allfather
80.8%
The Father of Genetics
78.9%
The Our Father
78.5%
In the Name of the Father
74.1%
Father Figure
71.2%

From the Vault

'Do-Re-Mi' Scene from The Sound of Music

by needapausebutton

We suggest you start this quiz at the very beginning (it’s a very good place to start).
Remove Ads.
Support Sporcle.
Get the best of Sporcle when you Go Orange. This ad-free experience offers more features, more stats, and more fun while also helping to support Sporcle. Thank you for becoming a member.

Show Comments

Extras

Top Quizzes Today


Score Distribution

Your Account Isn't Verified!

In order to create a playlist on Sporcle, you need to verify the email address you used during registration. Go to your Sporcle Settings to finish the process.

Report this User

Report this user for behavior that violates our Community Guidelines.

Details: